| 000 | 06793cam a2201861M 4500 | ||
|---|---|---|---|
| 003 | PE-LiUPU | ||
| 005 | 20250813165340.0 | ||
| 008 | 080514s2007 sp a 000 0 spa d | ||
| 020 | _a849614044X | ||
| 020 | _a9788496140448 | ||
| 035 | _a(Sirsi) i9788496140448 | ||
| 040 |
_aPE-LiUPU _bspa _cPE-LiUPU _erda |
||
| 049 | _aPRUA | ||
| 080 |
_a624.15 _bI53 _220 |
||
| 245 | 1 | 0 |
_aIngeniería del terreno / _cCarlos López Jimeno. |
| 264 |
_aMadrid : _bArias Montano, _c2013. |
||
| 300 |
_465 páginas : _bilustraciones ; _c24 centímetros. |
||
| 336 |
_atext _2rdacontent |
||
| 337 |
_aunmediated _2rdamedia |
||
| 338 |
_avolume _2rdacarrier |
||
| 505 | _aCaracterización de detalle de las margas azules del caudalquivir mediante ensayos in situ de laboratorio -- Geotecnia en terrenos expansivos. Parámetros geomecánicos, caracterización y recomendaciones en el diseño de la cimentación -- Nuevas tecologias de perforación del terrenos -- Ábacos de estabilidad de taludes rocosos basados en el criterio de rotura de hoek-brown -- Sistemas flexibles para el control de la generación de aludes de nieve en la zona de generación. Protección de la carretera AS-253, acceso al puerto de isidro (ASTURIAS) -- Proyecto y obra de la estabilización del escarpe urbano en chinchilla de montearagón --Problemas geotécnicos en monumentos históricos: Metodología para su resolución -- Cimentaciones en zonas kársticas -- Problemas de ejecución en pilotes perforados. Causas y soluciones -- Pruebas de carga sobre pilotes ejecutados con polímeros -- Pilas-pilote y centrado de pilares -- Excavaciones entre pantallas: comparación sobre la normativa relativa a fenómenos de inestabilidad hidráulica -- anclajes al terreno. Guia para el diseño y la ejecución -- Anclajes al terreno: sistema de bulbo múltiple. caso práctico -- Experiencias en el uso y abuso vibrocompactadores para la densificación de materiales granurales cementados y no cementados -- Calefacción geotérmica y cumplimiento de la sección HE4 del CTE sustituyendo las placas solares térmicas por bombas de calor geotérmicas y aerotérmicas -- Vivienda unifamiliar climatizada con energía geotérmica y apoyo de paneles solares térmicos -- Perforación geotérmica en Madrid -- Sistema geotérmico de alta eficiencia energética en el edificio polivalente de la UAH -- utilización del recurso geotérmico para la climatización mediante losas termoactivas y el pretatamiento del aire de renovación. el caso de un teatro -- análisis moderno de la peligrosidad sísmica: situación en el contexto español de presas. | ||
| 526 | _aP203 | ||
| 526 | _aP200 | ||
| 526 | _aSEG65 | ||
| 526 | _aSEG64 | ||
| 526 | _aSEG63 | ||
| 526 | _aSEG62 | ||
| 526 | _aSEG61 | ||
| 526 | _aSEG60 | ||
| 526 | _aSEG59 | ||
| 526 | _aSEG58 | ||
| 526 | _aSEG57 | ||
| 526 | _aSEG56 | ||
| 526 | _aSEG55 | ||
| 526 | _aSEG54 | ||
| 526 | _aSEG53 | ||
| 526 | _aSEG52 | ||
| 526 | _aSEG51 | ||
| 526 | _aSEG50 | ||
| 526 | _aSEG49 | ||
| 526 | _aSEG48 | ||
| 526 | _aSEG47 | ||
| 526 | _aSEG46 | ||
| 526 | _aSEG24 | ||
| 526 | _aSEG23 | ||
| 526 | _aSEG22 | ||
| 526 | _aSEG21 | ||
| 526 | _aSEG20 | ||
| 526 | _aSEG19 | ||
| 526 | _aSEG18 | ||
| 526 | _aSEG17 | ||
| 526 | _aSEG16 | ||
| 526 | _aSEG14 | ||
| 526 | _aSEG13 | ||
| 526 | _aSEG12 | ||
| 526 | _aSEG11 | ||
| 526 | _aSEG10 | ||
| 526 | _aSEG09 | ||
| 526 | _aSEG06 | ||
| 526 | _aSEG05 | ||
| 526 | _aSEG04 | ||
| 526 | _aSEG03 | ||
| 526 | _aSEG02 | ||
| 526 | _aSEG68 | ||
| 526 | _aSEG66 | ||
| 526 | _aSEG45 | ||
| 526 | _aSEG25 | ||
| 526 | _aSEG01 | ||
| 526 | _aP163 | ||
| 526 | _aP162 | ||
| 526 | _aP161 | ||
| 526 | _aP160 | ||
| 526 | _aP159 | ||
| 526 | _aP158 | ||
| 526 | _aP157 | ||
| 526 | _aP156 | ||
| 526 | _aP155 | ||
| 526 | _aP154 | ||
| 526 | _aP153 | ||
| 526 | _aP152 | ||
| 526 | _aP151 | ||
| 526 | _aP150 | ||
| 526 | _aP149 | ||
| 526 | _aP142 | ||
| 526 | _aP141 | ||
| 526 | _aP140 | ||
| 526 | _aP139 | ||
| 526 | _aP138 | ||
| 526 | _aP137 | ||
| 526 | _aP132 | ||
| 526 | _aP131 | ||
| 526 | _aP130 | ||
| 526 | _aP126 | ||
| 526 | _aP125 | ||
| 526 | _aP124 | ||
| 526 | _aP123 | ||
| 526 | _aP115 | ||
| 526 | _aP122 | ||
| 526 | _aP121 | ||
| 526 | _aP116 | ||
| 526 | _a P114 | ||
| 526 | _aP112 | ||
| 526 | _aP111 | ||
| 526 | _aP104 | ||
| 526 | _aP103 | ||
| 526 | _aP102 | ||
| 526 | _aP101 | ||
| 526 | _aP100 | ||
| 526 | _aP96 | ||
| 526 | _aP95 | ||
| 526 | _aP93 | ||
| 526 | _aP92 | ||
| 526 | _aP91 | ||
| 526 | _aP88 | ||
| 526 | _aP83 | ||
| 526 | _aP82 | ||
| 526 | _aP79 | ||
| 526 | _aP78 | ||
| 526 | _aP75 | ||
| 526 | _aP74 | ||
| 526 | _aP71 | ||
| 526 | _aP69 | ||
| 526 | _a P51 | ||
| 526 | _aP49 | ||
| 526 | _aP48 | ||
| 526 | _aP47 | ||
| 526 | _aP33 | ||
| 526 | _aP31 | ||
| 526 | _a P30 | ||
| 526 | _aP29 | ||
| 526 | _aP27 | ||
| 526 | _aP26 | ||
| 526 | _aP25 | ||
| 526 | _aP24 | ||
| 526 | _a P22 | ||
| 526 | _aP10 | ||
| 526 | _aP09 | ||
| 526 | _a P08 | ||
| 526 | _aP06 | ||
| 526 | _aP05 | ||
| 526 | _aP04 | ||
| 526 | _aP01 | ||
| 541 | _g044-0022970; | ||
| 650 | 7 | _aGeotecnia. | |
| 650 | 7 |
_aGeotecnia. _2embne |
|
| 700 | 1 |
_aAlonso Pollán, José Antonio, _eautor. |
|
| 700 | 1 |
_aÁlvarez Antolin, José florentino, _eautor. |
|
| 910 |
_jck _bhop _chop _d20160517 |
||
| 942 |
_2ddc _cBOOK |
||
| 949 |
_a624.15 I53 _wDEWEY _c1 _i73166 _lCCODEBUL1 _mBUL _p85.07 _r0 _sY _tBOOK _u2016-5-17 _xINGENIERIA _PP25 _0COMPRA _o.CIRCNOTE. El documento es de alto precio. _o.STAFF. Colección General |
||
| 949 |
_a624.15 I53 _wDEWEY _c2 _i73167 _lCCODEBUL1 _mBUL _p85.07 _r0 _sY _tBOOK _u2016-5-17 _xINGENIERIA _PP25 _0COMPRA _o.CIRCNOTE. El documento es de alto precio. _o.STAFF. Colección General |
||
| 949 |
_a624.15 I53 _wDEWEY _c3 _i73168 _lCCODEBUL1 _mBUL _p85.07 _r0 _sY _tBOOK _u2016-5-17 _xINGENIERIA _PP25 _0COMPRA _o.CIRCNOTE. El documento es de alto precio. _o.STAFF. Colección General |
||
| 994 |
_aC0 _bPEPRU |
||
| 596 | _a1 | ||
| 999 |
_a624.15 I53 _wDEWEY _c9390 _i73166 _d9390 _f2021-11-9 _g7 _lCCODEBUL1 _mBUL _p85.07 _q2 _r0 _sY _tBOOK _u2016-5-17 _xINGENIERIA _PP25 _0COMPRA _o.CIRCNOTE. El documento es de alto precio. _o.STAFF. Colección General |
||
| 999 |
_a624.15 I53 _wDEWEY _c2 _i73167 _d2018-5-7 _f2021-11-9 _g7 _lCCODEBUL1 _mBUL _p85.07 _q2 _r0 _sY _tBOOK _u2016-5-17 _xINGENIERIA _PP25 _0COMPRA _o.CIRCNOTE. El documento es de alto precio. _o.STAFF. Colección General |
||
| 999 |
_a624.15 I53 _wDEWEY _c3 _i73168 _d2018-9-21 _f2021-11-9 _g7 _lCCODEBUL1 _mBUL _p85.07 _q3 _r0 _sY _tBOOK _u2016-5-17 _xINGENIERIA _PP25 _0COMPRA _o.CIRCNOTE. El documento es de alto precio. _o.STAFF. Colección General |
||
| 980 |
_81 _gALBERTO SANCHEZ Responsable de Automatización |
||